000 00758nam a2200229Ia 4500
003 OSt
005 20220923225322.0
006 a|||||r|||| 00| 0
007 ta
008 220922b |||||||| |||| 00| 0 hin d
024 _a263,465
037 _cTextual
040 _aARTS
_cARTS
_bhin
041 _2hin
_ahin
082 _aDeltajM87, M7
245 0 _aस्वामी शिवानन्द जन्मशताब्दी स्मृतिग्रन्थ
246 _aSvāmī shivānanda janmashatābdī smṛutigrantha
260 _aटिहरी
_b दिव्य जीवन संघ प्रकाशन
_c1987
300 _a770पृ.
_ccm.
942 _hDeltajM87, M7
_cTEXL
_2CC
999 _c377560
_d377560